[Event "Senior-DM 50+ 2025"]
[Site "Copenhagen"]
[Date "2025.02.08"]
[Round "1.1"]
[White "Steenstrup, Svend"]
[Black "Danielsen, Henrik"]
[Result "0-1"]
[WhiteElo "1913"]
[BlackElo "2455"]
[WhiteFideId "1409182"]
[BlackFideId "1400185"]
[EventDate "2025.02.08"]
[EventType "swiss"]
[EventRounds "7"]
[EventCountry "DEN"]
[SourceTitle "Live v. Obro Skakforening"]

1. e4 d5 2. d4 dxe4 3. Nc3 Bf5 4. f3 Nf6 5. g4 Bg6 6. Be3 e6 7. Qe2 c6 8. O-O-O Bb4 9. Nxe4 Nxe4 10. fxe4 Bxe4 11. Bg2 Bxg2 12. Qxg2 Qd5 13. Qxd5 cxd5 14. Rd3 Nc6 15. Rb3 O-O-O 16. Nf3 f6 17. Rf1 Rhf8 18. h4 Rde8 19. Rd3 a6 20. Nd2 Kd7 21. a3 Ba5 22. b4 Bc7 23. c4 Ne7 24. Bf4 dxc4 25. Rg3 e5 26. Be3 exd4 27. Bf4 b5 28. Ne4 Nd5 29. Nc5+ Kc6 30. Bxc7 Nxc7 0-1

[Event "Senior-DM 50+ 2025"]
[Site "Copenhagen"]
[Date "2025.02.08"]
[Round "1.2"]
[White "Molvig, Henrik"]
[Black "Petrovski, Petruli"]
[Result "1-0"]
[WhiteElo "2098"]
[BlackElo "1910"]
[WhiteFideId "1402625"]
[BlackFideId "1417673"]
[EventDate "2025.02.08"]
[EventType "swiss"]
[EventRounds "7"]
[EventCountry "DEN"]
[SourceTitle "Live v. Obro Skakforening"]

1. d4 d5 2. c4 c6 3. Nf3 Nf6 4. Nc3 e6 5. Bg5 h6 6. Bh4 Be7 7. e3 Nbd7 8. Rc1 O-O 9. Bd3 dxc4 10. Bxc4 b5 11. Bd3 Bb7 12. O-O a6 13. Qe2 c5 14. Rfd1 c4 15. Bb1 b4 16. Na4 Qa5 17. Nc5 Nxc5 18. dxc5 Qxc5 19. Rxc4 Bxf3 20. gxf3 Qh5 21. Bg3 Rfd8 22. Kg2 Rxd1 23. Qxd1 Rd8 24. Qc2 Qa5 25. Bc7 Qg5+ 26. Rg4 Rd2 27. Qxd2 Nxg4 28. fxg4 Qxg4+ 29. Bg3 Qc4 30. Qd3 1-0

[Event "Senior-DM 50+ 2025"]
[Site "Copenhagen"]
[Date "2025.02.08"]
[Round "1.3"]
[White "Stewart, Tanya Jill Milk"]
[Black "Nielsen, Jan Mose"]
[Result "0-1"]
[WhiteElo "1921"]
[BlackElo "2083"]
[WhiteFideId "1472291"]
[BlackFideId "1405306"]
[EventDate "2025.02.08"]
[EventType "swiss"]
[EventRounds "7"]
[EventCountry "DEN"]
[SourceTitle "Live v. Obro Skakforening"]

1. d4 d5 2. Nc3 Nf6 3. Bf4 c5 4. e4 Nxe4 5. Nb5 Na6 6. f3 Nd6 7. dxc5 Nxb5 8. Bxb5+ Bd7 9. Bxa6 Qa5+ 10. c3 Qxa6 11. Qxd5 Bb5 12. a4 Rd8 13. Qe4 Bd3 14. Qe3 Qc4 15. Be5 f6 16. Bd4 e5 17. b3 Qxb3 18. Qxd3 exd4 19. Ne2 dxc3 20. Qe3+ Kf7 21. Nxc3 Re8 22. Qxe8+ Kxe8 23. Ne4 Bxc5 24. Nxc5 Qc3+ 25. Ke2 Qxc5 26. Rac1 Qe5+ 27. Kf2 Kf7 28. Rb1 Rc8 29. Rhe1 Rc2+ 30. Kg1 Qc5+ 31. Kh1 b6 32. Rbd1 Kg6 33. h3 Qf2 34. Rg1 Ra2 35. Rdf1 Qd4 36. f4 Qxa4 37. f5+ Kh6 38. Rf3 Ra3 39. Rf2 Qe4 40. Rgf1 Rxh3+ 41. Kg1 Rh4 42. Rf3 Kg5 43. g3 Rg4 44. Kg2 h5 45. Kh3 h4 46. gxh4+ Rxh4+ 47. Kg2 Rg4+ 48. Kf2 Qxf3+ 49. Kxf3 Rf4+ 0-1

[Event "Senior-DM 50+ 2025"]
[Site "Copenhagen"]
[Date "2025.02.08"]
[Round "1.4"]
[White "Hansen, Max"]
[Black "Horslund, Mikael"]
[Result "1-0"]
[WhiteElo "2058"]
[BlackElo "1872"]
[WhiteFideId "1409158"]
[BlackFideId "1421042"]
[EventDate "2025.02.08"]
[EventType "swiss"]
[EventRounds "7"]
[EventCountry "DEN"]
[SourceTitle "Live v. Obro Skakforening"]

1. d4 Nf6 2. Nf3 e6 3. g3 b5 4. Bg2 Bb7 5. O-O Be7 6. c3 O-O 7. a4 a6 8. axb5 axb5 9. Rxa8 Bxa8 10. Qb3 c6 11. Re1 d6 12. e4 Nbd7 13. e5 Nd5 14. exd6 Bxd6 15. Nbd2 Qb6 16. Ne4 Be7 17. Qc2 Bb7 18. Bg5 N7f6 19. Ne5 Ra8 20. Nd3 Nxe4 21. Bxe7 Nxe7 22. Bxe4 g6 23. Qd2 Kg7 24. Qf4 Ng8 25. Qe5+ Nf6 26. g4 1-0

[Event "Senior-DM 50+ 2025"]
[Site "Copenhagen"]
[Date "2025.02.09"]
[Round "2.1"]
[White "Danielsen, Henrik"]
[Black "Hansen, Max"]
[Result "1/2-1/2"]
[WhiteElo "2455"]
[BlackElo "2058"]
[WhiteFideId "1400185"]
[BlackFideId "1409158"]
[EventDate "2025.02.08"]
[EventType "swiss"]
[EventRounds "7"]
[EventCountry "DEN"]
[SourceTitle "Live v. Obro Skakforening"]

1. Nf3 d5 2. e3 Nf6 3. d4 Bf5 4. Bd3 Bxd3 5. Qxd3 c6 6. Nbd2 Nbd7 7. O-O e6 8. e4 dxe4 9. Nxe4 Nxe4 10. Qxe4 Nf6 11. Qe2 Bd6 12. Rd1 O-O 13. Bg5 h6 14. Bh4 Qc7 15. c4 Nh5 16. Ne5 Nf4 17. Qe4 Bxe5 18. dxe5 Ng6 19. Bg3 Rfd8 20. b3 Ne7 21. f3 Rxd1+ 22. Rxd1 Rd8 23. Qe2 Rd7 24. Rxd7 Qxd7 25. Bf2 b6 26. Be3 Nf5 27. Kf2 Nxe3 28. Kxe3 c5 29. Qd3 Qxd3+ 30. Kxd3 Kf8 31. f4 g6 32. g4 Ke7 33. Ke4 Kf8 34. h4 Ke7 35. Kf3 Kf8 36. Ke3 Ke7 37. Kd3 Kd7 38. Kd2 Kd8 39. Kc3 Kd7 40. Kd3 Kd8 41. Ke2 Ke8 42. Ke3 Ke7 43. Kf3 Kf8 44. Kf2 Ke7 45. Kf3 Ke8 1/2-1/2

[Event "Senior-DM 50+ 2025"]
[Site "Copenhagen"]
[Date "2025.02.09"]
[Round "2.3"]
[White "Nielsen, Jan Mose"]
[Black "Morkore, Thomas"]
[Result "1/2-1/2"]
[WhiteElo "2083"]
[BlackElo "1979"]
[WhiteFideId "1405306"]
[BlackFideId "1411900"]
[EventDate "2025.02.08"]
[EventType "swiss"]
[EventRounds "7"]
[EventCountry "DEN"]
[SourceTitle "Live v. Obro Skakforening"]

1. d4 d5 2. Nf3 Nf6 3. Bg5 Ne4 4. Bf4 c5 5. Nc3 Qa5 6. e3 Nc6 7. Bb5 Nxc3 8. Bxc6+ bxc6 9. Qd2 Ba6 10. Qxc3 Qxc3+ 11. bxc3 e6 12. Kd2 f6 13. Rhb1 Kd7 14. Rb2 Bd6 15. Rab1 g5 16. Bg3 h5 17. Ne1 c4 18. Bxd6 1/2-1/2

[Event "Senior-DM 50+ 2025"]
[Site "Copenhagen"]
[Date "2025.02.09"]
[Round "2.4"]
[White "Horslund, Mikael"]
[Black "Steenstrup, Svend"]
[Result "0-1"]
[WhiteElo "1872"]
[BlackElo "1913"]
[WhiteFideId "1421042"]
[BlackFideId "1409182"]
[EventDate "2025.02.08"]
[EventType "swiss"]
[EventRounds "7"]
[EventCountry "DEN"]
[SourceTitle "Live v. Obro Skakforening"]

1. d4 d5 2. e3 Nf6 3. Bd3 c5 4. c3 Bg4 5. Nf3 Nc6 6. h3 Bh5 7. Qa4 c4 8. Be2 a6 9. Ne5 Bxe2 10. Kxe2 Rc8 11. Nd2 Nd7 12. Nxd7 Qxd7 13. Qc2 e5 14. Re1 Bd6 15. Kf1 O-O 16. dxe5 Nxe5 17. e4 Nd3 18. Re3 Bc5 19. Rxd3 cxd3 20. Qxd3 Rfd8 21. e5 Qa4 22. Nb3 Qe4 23. Nxc5 Rxc5 24. Qe3 Qc4+ 25. Kg1 d4 26. cxd4 Rcd5 27. Bd2 Qxd4 28. Qxd4 Rxd4 29. Bc3 Rd1+ 30. Rxd1 Rxd1+ 31. Kh2 Kf8 32. Kg3 Ke7 33. Kf3 Ke6 34. Ke2 Rg1 35. g3 g6 36. h4 Kd5 37. Ke3 b5 38. a3 Rb1 39. Kf4 a5 40. f3 a4 41. g4 Rh1 42. Kg5 Rh3 43. f4 Rf3 44. Bd2 Ke6 45. h5 gxh5 46. Kxh5 Rh3+ 47. Kg5 h6# 0-1

[Event "Senior-DM 50+ 2025"]
[Site "Copenhagen"]
[Date "2025.02.10"]
[Round "3.1"]
[White "Morkore, Thomas"]
[Black "Danielsen, Henrik"]
[Result "0-1"]
[WhiteElo "1979"]
[BlackElo "2455"]
[WhiteFideId "1411900"]
[BlackFideId "1400185"]
[EventDate "2025.02.08"]
[EventType "swiss"]
[EventRounds "7"]
[EventCountry "DEN"]
[SourceTitle "Live v. Obro Skakforening"]

1. e4 d6 2. d4 Nf6 3. Nc3 g6 4. g3 Bg7 5. Bg2 O-O 6. Nge2 Nbd7 7. O-O c5 8. h3 Rb8 9. a4 b6 10. Be3 a6 11. Qd2 cxd4 12. Nxd4 Bb7 13. Bh6 Nc5 14. Bxg7 Kxg7 15. Rfe1 e5 16. Nb3 Qe7 17. Rad1 Rbd8 18. Qe3 Rfe8 19. Nd2 Qc7 20. Nf1 Bc6 21. Ra1 Ne6 22. Ne2 h6 23. b3 d5 24. exd5 Nxd5 25. Qc1 Nb4 26. Qb2 Bxg2 27. Kxg2 Nxc2 28. Rec1 Qb7+ 0-1

[Event "Senior-DM 50+ 2025"]
[Site "Copenhagen"]
[Date "2025.02.10"]
[Round "3.2"]
[White "Molvig, Henrik"]
[Black "Nielsen, Jan Mose"]
[Result "0-1"]
[WhiteElo "2098"]
[BlackElo "2083"]
[WhiteFideId "1402625"]
[BlackFideId "1405306"]
[EventDate "2025.02.08"]
[EventType "swiss"]
[EventRounds "7"]
[EventCountry "DEN"]
[SourceTitle "Live v. Obro Skakforening"]

1. d4 Nf6 2. c4 c5 3. d5 b5 4. cxb5 a6 5. bxa6 d6 6. Nc3 Bxa6 7. Nf3 g6 8. g3 Bg7 9. Bg2 O-O 10. O-O Nbd7 11. Rb1 Ng4 12. Qc2 Qa5 13. Bd2 Rfb8 14. a4 Rb7 15. b3 Qd8 16. Rfe1 Rab8 17. Na2 Nge5 18. Nxe5 Bxe5 19. b4 cxb4 20. Nxb4 Qb6 21. Rbc1 Bf6 22. a5 Qb5 23. Qc6 Ra7 24. Be3 Raa8 25. Nxa6 Rxa6 26. Qxb5 Rxb5 27. Rc7 Nc5 28. Bh6 Ra8 29. Bd2 Kg7 30. Rd1 Rb2 31. Bf1 Nb3 32. Be1 Nxa5 33. Ra1 Rb5 34. Ra2 Rxd5 35. Bg2 Rd1 36. Bxa8 Rxe1+ 37. Kg2 Nb3 38. e3 Nc5 39. Bf3 Rb1 40. Be2 Rb8 41. f4 Ne6 42. Rca7 Rb3 43. R7a3 Rb4 44. Bf3 Nc5 45. Re2 Rb1 46. Ra7 Rc1 47. Ra3 Ne6 48. Bd5 Nc7 49. Ra5 Bc3 0-1

[Event "Senior-DM 50+ 2025"]
[Site "Copenhagen"]
[Date "2025.02.10"]
[Round "3.3"]
[White "Hansen, Max"]
[Black "Nielsen, Frode Benedikt"]
[Result "1-0"]
[WhiteElo "2058"]
[BlackElo "1953"]
[WhiteFideId "1409158"]
[BlackFideId "1405721"]
[EventDate "2025.02.08"]
[EventType "swiss"]
[EventRounds "7"]
[EventCountry "DEN"]
[SourceTitle "Live v. Obro Skakforening"]

1. d4 f5 2. Nf3 Nf6 3. g3 e6 4. Bg2 d5 5. Bf4 Be7 6. O-O O-O 7. c4 c6 8. Nbd2 Ne4 9. Rc1 Nd7 10. Ne5 g5 11. Nxd7 Bxd7 12. Be5 Bf6 13. Nf3 Qe8 14. Bxf6 Rxf6 15. Ne5 Nd6 16. c5 Nf7 17. f4 g4 18. Kf2 b5 19. cxb6 axb6 20. Nxd7 Qxd7 21. Qb3 Nd6 22. Qxb6 Rxa2 23. Qxc6 Qd8 24. Ra1 Rxb2 25. Ra8 Rb8 26. Rfa1 Rf8 27. R8a6 Ne4+ 28. Bxe4 dxe4 29. Qxe6+ Kh8 30. d5 e3+ 31. Kg2 Re8 32. Qxf5 Rb2 33. R1a2 Rd2 34. Rxd2 exd2 35. Qd3 Qe7 36. Re6 Qd7 37. Rxe8+ Qxe8 38. Qxd2 Qe4+ 39. Kg1 Qb1+ 40. Kf2 Qh1 41. d6 Qxh2+ 42. Ke3 Qxg3+ 43. Ke4 Qa3 44. Qd4+ Kg8 45. d7 Qe7+ 46. Kf5 Qd8 47. Qd5+ Kg7 48. Qe5+ Kf7 49. Qe8+ 1-0

[Event "Senior-DM 50+ 2025"]
[Site "Copenhagen"]
[Date "2025.02.10"]
[Round "3.4"]
[White "Steenstrup, Svend"]
[Black "Hansen, Alex"]
[Result "1-0"]
[WhiteElo "1913"]
[BlackElo "1852"]
[WhiteFideId "1409182"]
[BlackFideId "1409719"]
[EventDate "2025.02.08"]
[EventType "swiss"]
[EventRounds "7"]
[EventCountry "DEN"]
[SourceTitle "Live v. Obro Skakforening"]

1. d4 d5 2. c4 c6 3. Nf3 Nf6 4. Nbd2 Qa5 5. Qb3 dxc4 6. Qxc4 b6 7. Ne5 Be6 8. Qc2 Bd5 9. f3 Nfd7 10. Nxd7 Kxd7 11. e4 Be6 12. a3 Na6 13. b4 Nxb4 14. Qc3 Na2 15. Qxa5 bxa5 16. d5 cxd5 17. Bb5+ Kd8 18. Rxa2 dxe4 19. Rc2 exf3 20. Nxf3 Bd5 21. O-O e6 22. Ne5 Bd6 23. Nxf7+ Ke7 24. Bg5+ 1-0

[Event "Senior-DM 50+ 2025"]
[Site "Copenhagen"]
[Date "2025.02.11"]
[Round "4.1"]
[White "Danielsen, Henrik"]
[Black "Nielsen, Jan Mose"]
[Result "1-0"]
[WhiteElo "2455"]
[BlackElo "2083"]
[WhiteFideId "1400185"]
[BlackFideId "1405306"]
[EventDate "2025.02.08"]
[EventType "swiss"]
[EventRounds "7"]
[EventCountry "DEN"]
[SourceTitle "Live v. Obro Skakforening"]

1. e3 Nf6 2. b3 d5 3. Bb2 e6 4. f4 c5 5. Nf3 Be7 6. Bb5+ Nbd7 7. O-O a6 8. Bxd7+ Bxd7 9. d3 b5 10. Nbd2 Bc6 11. Ne5 Qb6 12. Qf3 Bb7 13. Qg3 Rg8 14. Ndf3 Nd7 15. Nxd7 Kxd7 16. Ne5+ Ke8 17. Qh3 Bf6 18. Qxh7 Ke7 19. Qh5 Raf8 20. a4 Rh8 21. Qe2 Rh4 22. axb5 axb5 23. Ra2 Rfh8 24. Nf3 R4h6 25. Be5 Bxe5 26. fxe5 f5 27. exf6+ gxf6 28. Qf2 1-0

[Event "Senior-DM 50+ 2025"]
[Site "Copenhagen"]
[Date "2025.02.11"]
[Round "4.2"]
[White "Steenstrup, Svend"]
[Black "Hansen, Max"]
[Result "1-0"]
[WhiteElo "1913"]
[BlackElo "2058"]
[WhiteFideId "1409182"]
[BlackFideId "1409158"]
[EventDate "2025.02.08"]
[EventType "swiss"]
[EventRounds "7"]
[EventCountry "DEN"]
[SourceTitle "Live v. Obro Skakforening"]

1. d4 Nf6 2. c4 c5 3. d5 e5 4. Nc3 d6 5. e4 Be7 6. Be2 O-O 7. g4 Ne8 8. Be3 Bg5 9. Qd2 Bxe3 10. Qxe3 a6 11. h4 Nd7 12. Bd3 Rb8 13. Nge2 g6 14. Qh6 Qf6 15. Ng3 Qg7 16. Qe3 Qf6 17. f3 Qe7 18. a4 Ng7 19. Kd2 f6 20. Rag1 Kh8 21. Nce2 Qd8 22. Nc3 Rf7 23. g5 f5 24. exf5 gxf5 25. h5 Nf8 26. g6 f4 27. Qe2 Re7 28. Nge4 h6 29. Ng5 hxg5 30. h6 Nf5 31. Rxg5 Nxg6 32. Qe4 Qe8 33. Rxf5 Bxf5 34. Qxf5 e4 35. Bxe4 Rxe4 36. Qf6+ Kh7 37. Qg7# 1-0

[Event "Senior-DM 50+ 2025"]
[Site "Copenhagen"]
[Date "2025.02.11"]
[Round "4.3"]
[White "Morkore, Thomas"]
[Black "Molvig, Henrik"]
[Result "1/2-1/2"]
[WhiteElo "1979"]
[BlackElo "2098"]
[WhiteFideId "1411900"]
[BlackFideId "1402625"]
[EventDate "2025.02.08"]
[EventType "swiss"]
[EventRounds "7"]
[EventCountry "DEN"]
[SourceTitle "Live v. Obro Skakforening"]

1. e4 c5 2. Nf3 d6 3. Bb5+ Nc6 4. O-O Bd7 5. Re1 a6 6. Bf1 Bg4 7. c3 e5 8. h3 Bxf3 9. Qxf3 g6 10. d3 Bg7 11. Be3 Nge7 12. Nd2 O-O 13. Qd1 b6 14. Nf3 d5 15. Qc2 d4 16. Bd2 Qd7 17. Rad1 h6 1/2-1/2

[Event "Senior-DM 50+ 2025"]
[Site "Copenhagen"]
[Date "2025.02.11"]
[Round "4.4"]
[White "Petrovski, Petruli"]
[Black "Nielsen, Frode Benedikt"]
[Result "0-1"]
[WhiteElo "1910"]
[BlackElo "1953"]
[WhiteFideId "1417673"]
[BlackFideId "1405721"]
[EventDate "2025.02.08"]
[EventType "swiss"]
[EventRounds "7"]
[EventCountry "DEN"]
[SourceTitle "Live v. Obro Skakforening"]

1. Nf3 d6 2. e4 e5 3. Nc3 Bg4 4. h3 Bxf3 5. Qxf3 Nc6 6. Bb5 Qf6 7. Qe2 Qg6 8. O-O Ne7 9. d3 O-O-O 10. Be3 f5 11. f4 fxe4 12. dxe4 Nd4 13. Bxd4 exd4 14. f5 Qh6 15. Nd1 d5 16. e5 Qb6 17. Kh1 c5 18. f6 gxf6 19. Rxf6 Qc7 20. c3 dxc3 21. Nxc3 Ng6 22. e6 Qe5 23. Bd7+ Kb8 24. Qxe5+ Nxe5 25. Nxd5 Nxd7 26. exd7 Rxd7 27. Nc3 Rd2 28. Raf1 Bg7 29. R6f2 Rhd8 30. Ne4 Rxf2 31. Rxf2 Be5 32. Rf1 b6 33. b3 Kc7 34. g4 Rd7 35. Kg2 Kc6 36. g5 Rd3 37. h4 b5 38. h5 c4 39. bxc4 bxc4 40. g6 hxg6 41. hxg6 Kd5 42. Nf6+ Ke6 43. g7 Rg3+ 0-1

[Event "Senior-DM 50+ 2025"]
[Site "Copenhagen"]
[Date "2025.02.12"]
[Round "5.1"]
[White "Nielsen, Frode Benedikt"]
[Black "Danielsen, Henrik"]
[Result "1/2-1/2"]
[WhiteElo "1953"]
[BlackElo "2455"]
[WhiteFideId "1405721"]
[BlackFideId "1400185"]
[EventDate "2025.02.08"]
[EventType "swiss"]
[EventRounds "7"]
[EventCountry "DEN"]
[SourceTitle "Live v. Obro Skakforening"]

1. e4 c5 2. Nf3 g6 3. d4 cxd4 4. Nxd4 Bg7 5. Nc3 Nc6 6. Be3 Nf6 7. Nb3 O-O 8. Be2 d6 9. Bf3 Be6 10. Nd5 Ne5 11. Nxf6+ Bxf6 12. c3 Nc4 13. Bc1 Rc8 14. O-O Qb6 15. Bg4 Bxg4 16. Qxg4 Rc7 17. Qe2 Rfc8 18. g3 a5 19. Rd1 a4 20. Nd4 Bg7 21. Kg2 a3 22. bxa3 Ra8 23. Qd3 Qa6 24. Rb1 Rc5 25. Rb4 Rac8 26. Qb1 b6 27. a4 h5 28. Nb5 Qa8 29. h4 d5 30. Re1 e6 31. Be3 Nxe3+ 32. Rxe3 Bxc3 33. Nxc3 Rxc3 34. Rxc3 Rxc3 35. Rxb6 Qxa4 1/2-1/2

[Event "Senior-DM 50+ 2025"]
[Site "Copenhagen"]
[Date "2025.02.12"]
[Round "5.2"]
[White "Nielsen, Jan Mose"]
[Black "Steenstrup, Svend"]
[Result "1-0"]
[WhiteElo "2083"]
[BlackElo "1913"]
[WhiteFideId "1405306"]
[BlackFideId "1409182"]
[EventDate "2025.02.08"]
[EventType "swiss"]
[EventRounds "7"]
[EventCountry "DEN"]
[SourceTitle "Live v. Obro Skakforening"]

1. d4 d5 2. Nf3 Nf6 3. c4 e6 4. Nc3 c5 5. cxd5 exd5 6. Bg5 Be7 7. dxc5 O-O 8. e3 Qa5 9. Bd3 Nbd7 10. Qb1 Nxc5 11. Bxh7+ Kh8 12. O-O Qd8 13. Bc2 Ne6 14. Bh4 b6 15. Rd1 Bb7 16. Bb3 Ne4 17. Bxe7 Qxe7 18. Nxd5 Bxd5 19. Bxd5 Nxf2 20. Kxf2 Rae8 21. Bc6 Rc8 22. Bd7 Rc5 23. Qe4 Rh5 24. Kg1 Qf6 25. Bxe6 fxe6 26. Rd2 Kg8 27. Rf1 Rf5 28. Rdf2 Qg6 29. Nd2 R8f6 30. Rxf5 exf5 31. Qd5+ Kh7 32. Rf3 Qg4 33. Rh3+ Rh6 34. Rxh6+ Kxh6 35. Nf3 g6 36. Qd4 1-0

[Event "Senior-DM 50+ 2025"]
[Site "Copenhagen"]
[Date "2025.02.12"]
[Round "5.3"]
[White "Hansen, Max"]
[Black "Morkore, Thomas"]
[Result "0-1"]
[WhiteElo "2058"]
[BlackElo "1979"]
[WhiteFideId "1409158"]
[BlackFideId "1411900"]
[EventDate "2025.02.08"]
[EventType "swiss"]
[EventRounds "7"]
[EventCountry "DEN"]
[SourceTitle "Live v. Obro Skakforening"]

1. d4 Nf6 2. Nf3 e6 3. g3 b5 4. Bg2 Bb7 5. O-O c5 6. c3 Na6 7. a3 h6 8. Bf4 Be7 9. Qb3 Qb6 10. a4 b4 11. a5 Qd8 12. dxc5 Nxc5 13. Qd1 Nd5 14. cxb4 Nxb4 15. Nc3 O-O 16. Bd6 Nd5 17. Bxe7 Qxe7 18. Nd4 Nxc3 19. bxc3 Bxg2 20. Kxg2 Rfc8 21. f3 d5 22. e3 Nd7 23. Qd2 Ne5 24. Rfb1 Qc5 25. Rb3 Nc4 26. Qd3 a6 27. e4 dxe4 28. fxe4 Rab8 29. Rxb8 Rxb8 30. Rb1 Rxb1 31. Qxb1 Qxa5 32. Qb8+ Kh7 33. Ne2 Qc5 34. Qb7 Qe3 35. Nf4 Nd6 36. Qxa6 Nxe4 37. Qf1 Nxc3 0-1

[Event "Senior-DM 50+ 2025"]
[Site "Copenhagen"]
[Date "2025.02.12"]
[Round "5.4"]
[White "Molvig, Henrik"]
[Black "Hansen, Alex"]
[Result "0-1"]
[WhiteElo "2098"]
[BlackElo "1852"]
[WhiteFideId "1402625"]
[BlackFideId "1409719"]
[EventDate "2025.02.08"]
[EventType "swiss"]
[EventRounds "7"]
[EventCountry "DEN"]
[SourceTitle "Live v. Obro Skakforening"]

1. d4 d5 2. c4 c6 3. Nf3 Nf6 4. Nc3 e6 5. Bg5 h6 6. Bh4 Be7 7. e3 Nbd7 8. Rc1 b6 9. cxd5 Nxd5 10. Bg3 Nxc3 11. bxc3 Bb7 12. Bd3 Nf6 13. O-O O-O 14. Qe2 Nh5 15. Be5 f6 16. Bg6 fxe5 17. Bxh5 e4 18. Ne5 Bd6 19. Qc4 Qc8 20. Bg4 Rf6 21. Rfd1 Qe8 22. Qe2 c5 23. Qc2 b5 24. Rb1 h5 25. Be2 a6 26. a4 Bxe5 27. dxe5 Rf5 28. axb5 Rxe5 29. bxa6 Bxa6 30. Bxa6 Rxa6 31. c4 Ra7 32. Qb2 Rf5 33. Qb6 Qf7 34. Rb2 Kh7 35. Rbd2 h4 36. h3 Kh6 37. Qd8 Qf6 38. Qh8+ Kg5 39. Qb8 Rf7 40. Qb2 Qg6 41. Qb1 R5f6 42. Qb6 Rf5 43. Qc6 Qf6 44. Rf1 Qc3 45. Rd6 Rxf2 46. Rxf2 Qe1+ 47. Kh2 Qxf2 48. Qxc5+ Rf5 49. Qd4 Qg3+ 50. Kg1 Qe1+ 51. Kh2 Rf6 52. Qd2 Rf1 53. Qxe1 Rxe1 54. Rxe6 Rxe3 55. Kg1 Kf5 56. Rc6 Re2 57. Rc8 Rc2 58. c5 Kf4 59. c6 Kg3 60. Rg8 Rc1# 0-1

[Event "Senior-DM 50+ 2025"]
[Site "Copenhagen"]
[Date "2025.02.13"]
[Round "6.1"]
[White "Danielsen, Henrik"]
[Black "Hansen, Alex"]
[Result "1-0"]
[WhiteElo "2455"]
[BlackElo "1852"]
[WhiteFideId "1400185"]
[BlackFideId "1409719"]
[EventDate "2025.02.08"]
[EventType "swiss"]
[EventRounds "7"]
[EventCountry "DEN"]
[SourceTitle "Live v. Obro Skakforening"]

1. e4 e5 2. Nf3 Nc6 3. Be2 Nf6 4. d3 d5 5. Nbd2 dxe4 6. dxe4 Bg4 7. c3 a6 8. O-O Be7 9. h3 Bd7 10. Qc2 g5 11. Nxg5 Rg8 12. Ndf3 h6 13. Nxf7 Kxf7 14. Bxh6 Kg6 15. Be3 Bxh3 16. gxh3 Qd7 17. Ng5 Kh6 18. Kh2 Rxg5 19. Bxg5+ Kxg5 20. Rg1+ Kh6 21. Qc1+ Kh7 22. Qg5 Ng4+ 23. Qxg4 Qxg4 24. Bxg4 Nb8 1-0

[Event "Senior-DM 50+ 2025"]
[Site "Copenhagen"]
[Date "2025.02.13"]
[Round "6.2"]
[White "Nielsen, Jan Mose"]
[Black "Nielsen, Frode Benedikt"]
[Result "1-0"]
[WhiteElo "2083"]
[BlackElo "1953"]
[WhiteFideId "1405306"]
[BlackFideId "1405721"]
[EventDate "2025.02.08"]
[EventType "swiss"]
[EventRounds "7"]
[EventCountry "DEN"]
[SourceTitle "Live v. Obro Skakforening"]

1. d4 Nf6 2. c4 e6 3. g3 c5 4. Nf3 cxd4 5. Nxd4 Bc5 6. e3 O-O 7. Bg2 d5 8. Nb3 Be7 9. cxd5 Nxd5 10. O-O Nb4 11. a3 Nd3 12. Nc3 Bf6 13. Qc2 Nxc1 14. Raxc1 Nd7 15. Rfd1 Qe7 16. Ne4 g6 17. Nxf6+ Qxf6 18. Na5 Ne5 19. f4 Ng4 20. Qe2 e5 21. h3 Nh6 22. Nxb7 exf4 23. gxf4 Rb8 24. Nd6 Rxb2 25. Rd2 Ba6 26. Qf2 Rxd2 27. Qxd2 Rd8 28. Ne4 Rxd2 29. Nxf6+ Kg7 30. Ne4 Re2 31. Rc7 Nf5 32. Ng5 Nxe3 33. Bf3 Ra2 34. Rxf7+ Kg8 35. Rxa7 Bc4 36. Nxh7 Nc2 37. Nf6+ Kf8 38. Nd7+ Ke8 39. Ne5 Nd4 40. Bg4 Be6 41. Bxe6 Nxe6 42. Nxg6 Nd4 43. Re7+ Kd8 44. Re3 Nf5 45. Rd3+ Ke8 46. Ne5 Ke7 47. Nc4 Nh4 48. Kf1 Rc2 49. Ne3 Ra2 50. Nd5+ Ke6 51. Nb4 Rb2 52. Rc3 Ng2 53. Nd3 Ra2 54. Nc1 Rb2 55. Ne2 Nh4 56. Kf2 Ra2 57. Ke3 Ng2+ 58. Kf3 Ne1+ 59. Kf2 Nc2 60. Kg3 Nxa3 61. Nd4+ Kd5 62. Nf3 Nc4 63. Rd3+ Ke6 64. h4 Nd6 65. Ng5+ Ke7 66. Rd5 Ra1 67. h5 Rg1+ 68. Kh4 Rh1+ 69. Nh3 Ke6 70. Re5+ Kf6 71. h6 Ra1 72. Kg4 Nf7 73. Rh5 Kg6 74. f5+ Kh7 75. Ng5+ Nxg5 76. Kxg5 Rg1+ 77. Kf6 Ra1 78. Rh2 Ra6+ 79. Kg5 Ra1 80. Re2 Rg1+ 81. Kf6 Ra1 82. Rd2 Rb1 83. Rd3 Ra1 84. Rd4 Ra6+ 85. Ke7 Ra7+ 86. Rd7 Ra1 87. Rd6 Re1+ 88. Re6 Ra1 89. Rd6 Re1+ 90. Kf7 Ra1 91. Ke8 Ra8+ 92. Ke7 Ra7+ 93. Rd7 Ra1 94. Kd8+ Kg8 95. f6 Ra8+ 96. Ke7 Rf8 97. h7+ Kh8 98. Rd8 Rg8 99. hxg8=Q# 1-0

[Event "Senior-DM 50+ 2025"]
[Site "Copenhagen"]
[Date "2025.02.13"]
[Round "6.3"]
[White "Stewart, Tanya Jill Milk"]
[Black "Morkore, Thomas"]
[Result "0-1"]
[WhiteElo "1921"]
[BlackElo "1979"]
[WhiteFideId "1472291"]
[BlackFideId "1411900"]
[EventDate "2025.02.08"]
[EventType "swiss"]
[EventRounds "7"]
[EventCountry "DEN"]
[SourceTitle "Live v. Obro Skakforening"]

1. d4 Nf6 2. Nc3 d5 3. Bf4 c5 4. e3 cxd4 5. exd4 Bg4 6. f3 Bd7 7. Qd2 Nc6 8. Nb5 Rc8 9. Qe2 Be6 10. O-O-O Qa5 11. Nc3 a6 12. g4 b5 13. Nh3 h6 14. g5 hxg5 15. Nxg5 Bf5 16. Nxb5 axb5 17. Qxb5 Qxa2 18. Qa6 Qxa6 19. Bxa6 Ra8 20. Bb7 Ra1+ 21. Kd2 Rxd1+ 22. Rxd1 Nd8 23. Ba6 Nh5 24. Bc7 f6 25. b4 fxg5 26. b5 Ne6 27. Be5 Nhf4 28. Rh1 Kd7 29. b6 Nd8 30. Bb5+ Kc8 31. Bc7 Nfe6 32. Be5 Kb7 33. Ra1 Nc6 34. Ba6+ Kxb6 35. Bc8 Nxe5 36. Ra6+ Kb5 37. dxe5 Rxh2+ 38. Ke3 d4# 0-1